BSOP header

Missionary = 宣教士 : (Record no. 41331)

MARC details
000 -LEADER
fixed length control field 01223nam a22002895i 4500
001 - CONTROL NUMBER
control field 19328124
005 - DATE AND TIME OF LATEST TRANSACTION
control field 20180412141828.0
008 - FIXED-LENGTH DATA ELEMENTS--GENERAL INFORMATION
fixed length control field 161005s2017 cau 000 0 chi
010 ## - LIBRARY OF CONGRESS CONTROL NUMBER
LC control number 2016955884
020 ## - INTERNATIONAL STANDARD BOOK NUMBER
International Standard Book Number 1-931966-64-8
040 ## - CATALOGING SOURCE
Original cataloging agency DLC
Language of cataloging eng
Description conventions rda
Transcribing agency DLC
041 ## - LANGUAGE CODE
Language code of text/sound track or separate title English
100 1# - MAIN ENTRY--PERSONAL NAME
Personal name 遠志明 Yuan, Zhiming.
245 10 - TITLE STATEMENT
Title Missionary = 宣教士 :
Statement of responsibility, etc 遠志明 Yuan Zhiming, 陳上宇 Chen Shangyu
Remainder of title a historical study of the gospel into China = 福音入華史簡明教程 /
260 ## - PUBLICATION, DISTRIBUTION, ETC. (IMPRINT)
Place of publication, distribution, etc Rohnert Park, CA:
Name of publisher, distributor, etc 神州傳播協會 China Soul for Christ Foundation,
Date of publication, distribution, etc 2016,
300 ## - PHYSICAL DESCRIPTION
Extent 155 pages, illustrations ;
Accompanying material Chinese book; Chinese and English USB + 21 cm + 3 DVDs (4 3/4 in.)
Other physical details 21 cm
500 ## - GENERAL NOTE
General note Set of 1 English book with USB containing video material and 1 Chinese book with USB containing video material.
500 ## - GENERAL NOTE
General note Accompanied by 3 videodiscs.
505 ## - FORMATTED CONTENTS NOTE
Formatted contents note Book One, Knock -- Book Two, Plant -- Book Three, Shine
650 ## - SUBJECT ADDED ENTRY--TOPICAL TERM
Topical term or geographic name as entry element Missionaries
Geographic subdivision China
650 ## - SUBJECT ADDED ENTRY--TOPICAL TERM
Topical term or geographic name as entry element Missions
Geographic subdivision China
655 ## - INDEX TERM--GENRE/FORM
Genre/form data or focus term book and video-recording
700 ## - ADDED ENTRY--PERSONAL NAME
Personal name 陳上宇 Chen Shangyu
700 ## - ADDED ENTRY--PERSONAL NAME
Personal name [Executive producer] 謝文杰 Hsieh Wen Jia
700 ## - ADDED ENTRY--PERSONAL NAME
Personal name [Advisor] 王永信 Thomas Wang
942 ## - ADDED ENTRY ELEMENTS (KOHA)
Source of classification or shelving scheme Library of Congress Classification
Item type DVD
Holdings
Withdrawn status Lost status Source of classification or shelving scheme Damaged status Use restrictions Not for loan Home library Current library Shelving location Date acquired Source of acquisition Cost, normal purchase price Inventory number Total Checkouts Full call number Date last seen Cost, replacement price Price effective from Koha item type
    Library of Congress Classification   Restricted Access   BSOP Library BSOP Library Librarian's File 10/10/2017   1428.00 3354   SP-C BV3415.2 Yu9 04/10/2018 1428.00 10/10/2017 Mixed Materials
    Library of Congress Classification       BSOP Library BSOP Library Librarian's File 10/10/2017   1428.00 3354   SP-C CH BV3415.2 Yu9 04/10/2018 1428.00 10/10/2017 Mixed Materials
BSOP

Biblical Seminary of the Philippines
  All rights Reserved
  © 2024

CONTACT INFORMATION

Biblical Seminary of the Philippines,
  77-B Karuhatan Road, Valenzuela City,
  PHILIPPINES 1441
  Phone: +632 8292-6795 / 8292-6798
  Fax : +632 8292-6675
  Email: library@bsop.edu.ph